Psicoterapia y psicohigiene /

Guardado en:
Autor Principal: Yates, Dorothy H.
Formato: Libro
Publicado: Buenos Aires : Paid¢s, 1966
Materias:
Etiquetas: Agregar Etiqueta
Sin Etiquetas, Sea el primero en etiquetar este registro!
LEADER 00986nam a22001815a 4500
001 CEM.cems006716
005 20060214000000.0
008 130507s1966##################000#0#####d
003 CEMS
082 0 4 |a 616.89 
100 1 |a Yates, Dorothy H. 
245 1 0 |a Psicoterapia y psicohigiene / 
260 |a Buenos Aires :  |b Paid¢s,  |c 1966 
300 |a 106 p. 
505 0 |a Historia de la cirug¡a. Cirug¡a argentina.-Conceptos sobre especializaci¢n en cirug¡a.Hospital moderno.-Bacterias o microbios.-Asepsia y antisepsia. -Esterilizaci¢n.-Operaciónes. Dpto. de cirug¡a.-Anestesia. Procedimientos. Accidentes. Paro card¡aco.-Sala de trabajo de la enfermera. Instrumental. -Guantes de cirug¡a.-Gasas y algodones.-Drenajes.-Cajas de instrumentos. -Sala de operaciónes. Aspiraci¢n.-Hemorragias.-Transfusi¢n sangu¡nea. Grupos sangu¡neos.-Inyecciónes.-Presi¢n arterial.-Quemaduras 
653 |a Medicina 
653 |a Psicoterapia 
859 |a CEMS  |b BIB. CEMS - 11 de abril  |h 616.89  |i Y27  |p 345.73  |t Ej.1